Statistics for John Adams Cabinet

Click here to take the quiz!

General Stats

  • This quiz has been taken 10 times
  • The average score is 5 of 8

Answer Stats

HintAnswer% Correct
Sec. of State(1800-1801)John Marshall
100%
AG(1797-1801)Charles Lee
67%
Sec. of War(1797-1800)James McHenry
67%
Sec. of Treasury(1797-1800)Oliver Wolcott
67%
Sec. of State(1797-1800)Timothy Pickering
67%
Sec. of Navy(1798-1801)Benjamin Stoddert
33%
Sec. of Treasury(1801)Samuel Dexter
33%
Sec. of War(1800-1801)Samuel Dexter
33%

Score Distribution

Percentile by Number Answered

Percent of People with Each Score

Your Score History

You have not taken this quiz